=LDR 00000nam 2200000 4500 =001 NUTBA000000000002879 =005 20210106093214 =035 ##$$a 0010-071400000000067 =008 210106################g##########0#ind## =020 ##$$a 978-979-29-1722-2 =040 ##$$a NBPDMAT =082 ##$$a 333.959 32 =090 ##$$a 333.959 32 $b Dwi u =100 ##$$a Dwi Ernawati C =245 1#$$a Untung menggiurkan dari budidaya kelinci /$c Dwi Ermawati C. ; editor oktaviani HS. =260 ##$$a Yogyakarta :$b Andi,$c 2011 =300 ##$$a viii, 103 hlm. : $b ilus. ; $c 21 x 14 cm. =650 #4$$a Kelinci =700 #$$a Oktaviani Hs =850 ##$$a NBPDMAT =084 ##$$a 333.959 32 DWI u =250 ##$$a Ed. 1 =504 ##$$a Bibliografi : hlm.101-103 =990 ##$$a 21402847 =990 ##$$a 21402848 =990 ##$$a 21402849 =990 ##$$a 21402850 =990 ##$$a 21402851 =990 ##$$a 21402847 =990 ##$$a 21402848 =990 ##$$a 21402849 =990 ##$$a 21402850 =990 ##$$a 21402851